| 000 | 01301cam a22003134a 4500 | ||
|---|---|---|---|
| 999 |
_c2805 _d2805 |
||
| 001 | 11922231 | ||
| 003 | GBCCL | ||
| 005 | 20241126110440.0 | ||
| 008 | 000225s2000 cau b 000 0 eng | ||
| 010 | _a 00027220 | ||
| 020 | _a0830725695 | ||
| 040 |
_aDLC _cDLC _dDLC |
||
| 042 | _apcc | ||
| 050 | 0 | 0 |
_aBR115.D74 _bH35 2000 |
| 082 | 0 | 0 |
_a248.29 _221 _bHAM |
| 100 | 1 |
_aHamon, Jane, _d1961- _95906 |
|
| 245 | 1 | 0 |
_aDreams and visions : _bunderstanding your dreams and how God can use them to speak to you today / _cJane Hamon. |
| 260 |
_aVentura, Calif. : _bRegal Books, _cc2000. |
||
| 300 |
_a176 p. ; _c22 cm. |
||
| 504 | _aIncludes bibliographical references (p. [173]). | ||
| 650 | 0 |
_aDreams _xReligious aspects _xChristianity. _95907 |
|
| 650 | 0 |
_aDream interpretation. _95908 |
|
| 650 | 0 |
_aVisions. _94413 |
|
| 856 | 4 | 2 |
_3Contributor biographical information _uhttp://www.loc.gov/catdir/enhancements/fy1013/00027220-b.html |
| 856 | 4 | 2 |
_3Publisher description _uhttp://www.loc.gov/catdir/enhancements/fy1109/00027220-d.html |
| 906 |
_a7 _bcbc _corignew _d1 _eocip _f20 _gy-gencatlg |
||
| 942 |
_2ddc _cBK _05 |
||